| 000 | 00695nam a22002417a 4500 | ||
|---|---|---|---|
| 003 | OSt | ||
| 005 | 20210501121002.0 | ||
| 008 | 210215s1963 ||||| |||| 00| 0 eng d | ||
| 040 |
_aeng _beng _cDLC |
||
| 041 | _aeng | ||
| 080 |
_a008 _bV-11 |
||
| 245 |
_aVacation Guidebook Japan _c/ by: Cornerstone Library |
||
| 260 |
_bCornerstone Library _c1963 |
||
| 300 |
_a192 p. _bill. |
||
| 365 | _b1 usd | ||
| 650 | 0 |
_9493 _aCulture |
|
| 653 | _aკულტურა | ||
| 700 |
_9878 _aEngel, Kenyon Lyle _eEditor |
||
| 700 |
_9879 _aSchaefer, E. Barbara _eEditor |
||
| 700 |
_9880 _aEngel, Shandor. George _ePicture Editor |
||
| 700 |
_9882 _aKoeth, Alice _eIllustrations and Maps |
||
| 942 |
_2udc _cBK |
||
| 999 |
_c1385 _d1385 |
||